Diễn viên điện ảnh Việt Nam
v..v
Đã lưu trong:
| Tác giả chính: | |
|---|---|
| Định dạng: | Sách |
| Năm xuất bản: |
H.
Văn hóa Thông tin
1994
|
| Chủ đề: | |
| Tags: |
Thêm thẻ
Không có thẻ, Hãy là người đầu tiên gắn thẻ bản ghi này!
|
| LEADER | 00826nam a2200193 4500 | ||
|---|---|---|---|
| 082 | |a 791.4 |b D305v | ||
| 100 | |a Hoàng Thanh | ||
| 245 | |a Diễn viên điện ảnh Việt Nam |c Hoàng Thanh, Đình Quang, Trần Đắc | ||
| 260 | |a H. |b Văn hóa Thông tin |c 1994 | ||
| 300 | |a 479tr. |c 21cm | ||
| 520 | |a v..v | ||
| 653 | |a Nghệ thuật | ||
| 653 | |a Điện ảnh | ||
| 653 | |a Việt Nam | ||
| 653 | |a Diễn viên | ||
| 942 | |2 ddc |c STK0 | ||
| 999 | |c 4089 |d 4089 | ||
| 952 | |0 0 |1 0 |2 ddc |4 0 |6 791_400000000000000_Đ305V |7 0 |8 700 |9 41441 |a qbu |b qbu |c D5 |d 2014-12-18 |g 46000 |o 791.4 Đ305v |p 4677.c1 |r 0000-00-00 |w 2014-12-18 |y STK0 |0 0 |6 791_400000000000000_Đ305V | ||
| 952 | |0 0 |1 0 |2 ddc |4 0 |6 791_400000000000000_Đ305V |7 0 |8 700 |9 41442 |a qbu |b qbu |c D5 |d 2014-12-18 |g 46000 |o 791.4 Đ305v |p 4677.c2 |r 0000-00-00 |w 2014-12-18 |y STK0 |0 0 |6 791_400000000000000_Đ305V | ||